Municípios que compõem a Região Metropolitana do Rio de Janeiro - Statistics

Estatísticas Gerais
  • Esse quiz foi jogado 224 vezes
  • A pontuação média é 13 de 21
Estatísticas das Respostas
Município % Correto
Niterói
97%
Duque de Caxias
93%
São Gonçalo
90%
Rio de Janeiro
87%
Nova Iguaçu
85%
Belford Roxo
83%
Nilópolis
76%
São João de Meriti
73%
Queimados
64%
Magé
62%
Mesquita
61%
Seropédica
59%
Itaboraí
56%
Maricá
56%
Itaguaí
47%
Guapimirim
41%
Japeri
39%
Paracambi
36%
Rio Bonito
34%
Tanguá
34%
Cachoeiras de Macacu
25%
Nenhum quiz correspondente encontrado
Distribuição das Pontuações
Porcentagem de Pessoas com Cada Pontuação
Percentil de Números Respondidos
Sua Pontuação Histórica
Você não jogou esse quiz